The safety critical systems handbook : (Record no. 598527)

000 -LEADER
fixed length control field 00290nam a2200109Ia 4500
008 - FIXED-LENGTH DATA ELEMENTS--GENERAL INFORMATION
fixed length control field 230907s9999||||xx |||||||||||||| ||und||
082 ## - DEWEY DECIMAL CLASSIFICATION NUMBER
Classification number 363.1162094
Author Mark SMI
100 ## - MAIN ENTRY--PERSONAL NAME
Personal name Smith, David J.
9 (RLIN) 115484
245 #4 - TITLE STATEMENT
Title The safety critical systems handbook :
300 ## - PHYSICAL DESCRIPTION
Extent xxi, 307 pages :
942 ## - ADDED ENTRY ELEMENTS (KOHA)
Koha item type Book
Holdings
Withdrawn status Lost status Damaged status Not for loan Permanent Location Current Location Date acquired Total Checkouts Full call number Barcode Date last seen Price effective from Koha item type
        US-Pakistan Center for Advanced Studies in Energy (USPCAS-E) US-Pakistan Center for Advanced Studies in Energy (USPCAS-E) 07/19/2019   363.1162094 SMI CAS-E0002626 09/12/2023 09/12/2023 Book
© 2023 Central Library, National University of Sciences and Technology. All Rights Reserved.